书目信息 |
| 题名: |
约翰.穆勒自传
|
|
| 作者: | 英 穆勒 著 | |
| 分册: | ||
| 出版信息: | 北京 商务印书馆 1987.02 |
|
| 页数: | 184页 | |
| 开本: | 32开 | |
| 丛书名: | ||
| 单 册: | ||
| 中图分类: | K835.61 | |
| 科图分类: | ||
| 主题词: | 历史 , 地理 | |
| 电子资源: | ||
| ISBN: | 7-100-01415-8 | |
| 000 | 00552nam0 2200205 45 | |
| 001 | 0009192104 | |
| 005 | 20000919210643.6 | |
| 010 | @a7-100-01415-8@d9.50元 | |
| 100 | @a20000919d1987 km y0chiy0120 ea | |
| 101 | 0 | @achi |
| 105 | @a z 000yy | |
| 200 | 1 | @a约翰.穆勒自传@AYue Han.Mu Le Zi Zhuan@f英 穆勒著@FYing Mu Le Zhu |
| 210 | @a北京@c商务印书馆@d1987.02 | |
| 215 | @a184页@d32开 | |
| 606 | 0 | @a历史 |
| 606 | 0 | @a地理 |
| 690 | @aK835.61@v3 | |
| 701 | 0 | @a英 穆勒@4著 |
| 801 | @aCN@bPftUser@c20000919 | |
| 905 | @b149896-898@dK835.61@eM917@f3 | |
| 约翰.穆勒自传/英 穆勒著.-北京:商务印书馆,1987.02 |
| 184页;32开 |
| ISBN 7-100-01415-8:9.50元 |
| ● |
| 相关链接 |
|
|
|
正题名:约翰·穆勒自传
索取号:K835.61/M917
 
预约/预借
| 序号 | 登录号 | 条形码 | 馆藏地/架位号 | 状态 | 备注 |
| 1 | 149896 | 201498968 | 社科库309/309社科库 102排2列2层/ [索取号:K835.61/M917] | 在馆 | |
| 2 | 149897 | 201498977 | 社科库309/309社科库 102排2列2层/ [索取号:K835.61/M917] | 在馆 | |
| 3 | 149898 | 201498986 | 社科库309/309社科库 102排2列2层/ [索取号:K835.61/M917] | 在馆 |